000 00601nma a22001937a 4500
005 20210325185957.0
006 g q ||
008 s2538 th tha d
041 _atha
090 _aOTC71,TC84
245 1 0 _aการโฆษณาภาพลักษณ์ [Tapecassette]
260 3 _aกรุงเทพฯ :
_bไลบรารี่,
_c2538
300 _a1 ม้วนSound
650 0 4 _aโฆษณา
850 _aNALT
942 _cCD
997 _c000000000024340
_kVC
998 _aน.ส.อรอุษา โอภาสมงคลชัย
999 _c24340
_d24340